000 01823nam a22002297a 4500
003 IT-MiCISF
005 20260205145328.0
008 260205b |||||||| |||| 00| 0 eng d
020 _a9791221458817
040 _cIT-MiCISF
041 _ait
100 _aBerti Mariano
_963352
245 _aNato all'aurora.
_bL'arco esistenziale delle famiglie rurali del passato
250 _aFamiglie d'altri tempi, vol. 5
260 _aLecce,
_bYoucanprint,
_c2023
300 _app. 313
500 _afamiglia, storia, famiglia-rurale,
520 _aSenza memoria rischiamo di smarrirci. Lo si comprende da questo volume di testimonianze raccolte da voci ormai scomparse. La vita delle famiglie rurali degli ultimi secoli, dalla nascita alla morte, vista e documentata dai parroci. Una ricerca singolare, un saggio sulla civiltà contadina che si legge come un romanzo. È un peregrinare nel tempo tra storia, fede, racconti e leggende che può costituire una guida per ricostruire la genealogia e la saga della propria famiglia. Il passato è come una stella che continua ad emanare luce anche se estinta. Oggi si corre tanto, ma forse senza sapere bene dove si è diretti. Per andare avanti è necessario talvolta fermarsi, riavvolgere il nastro e prendere spunto da chi per certe vie è già transitato. Non c'è fonte migliore di libri come questo per comprendere le radici della società in cui ci realizziamo. Da sempre gli storici si sono focalizzati sui grandi avvenimenti, sulle conquiste e crollo degli imperi, sulle ideologie dei ceti dominanti, dando importanza ai fatti in sé senza metterci il pathos, cioè senza percepirne con i sensi la consistenza umana. Questo volume, come i precedenti della stessa serie, fa un po' di giustizia.
650 _aFamiglia
654 _adivulgazione
942 _2ddc
_cBK
999 _c360720
_d360720